[Event "Poikovsky Karpov 07th"]
[Site "Poikovsky"]
[Date "2006.03.22"]
[Round "5"]
[White "Bareev, Evgeny"]
[Black "Sokolov, Ivan"]
[Result "1/2-1/2"]
[WhiteElo "2698"]
[BlackElo "2689"]
[Annotator "Babula,V"]
[PlyCount "67"]
[EventDate "2006.03.18"]
[EventType "tourn"]
[EventRounds "9"]
[EventCountry "RUS"]
[EventCategory "18"]
[SourceTitle "CBM 112"]
[Source "ChessBase"]
[SourceDate "2006.06.07"]
[SourceVersion "1"]
[SourceVersionDate "2006.06.07"]
[SourceQuality "1"]

1. d4 d5 2. c4 c6 3. Nf3 Nf6 4. Nc3 e6 5. Bg5 Nbd7 6. e3 Qa5 {[%cal Yf6e4,
Ga5e1] The main idea of the Cambridge Spring is the immediate pressure on
White's pinned Nc3.} 7. cxd5 ({The other alternative is} 7. Nd2) 7... Nxd5 8.
Qd2 Bb4 {This continuation is more frequent than} (8... N7b6) 9. Rc1 O-O ({
For Black it is usually useful to insert moves h7-h6, Bg5-h4. Sometimes White
can profit from the omission of these moves and I will try to point such cases
out. The main line continues} 9... h6 10. Bh4 {and Black has two options:} O-O
({or} 10... c5 {what is very popular nowadays})) ({Premature is} 9... e5 $143
$6 {because of} 10. a3 $5 {, for example} Bxc3 11. bxc3 Qxa3 (11... e4 $2 12.
c4 $16) 12. e4 Nc7 13. Bd3 $44 {White has very good compensation for the
sacrificed pawn here. In other similar lines he can just dream about such
position.}) 10. Bd3 {The most common continuation.} ({But also the other ones
deserve attention:} 10. e4 Nxc3 11. bxc3 Ba3 12. Rb1 e5 13. Bd3) (10. a3 $5
Bxc3 11. bxc3 h6 12. Bh4 Qxa3 13. e4 {That is the idea of White's 10th move.
Compared with the main line examined below White realizes here the e3-e4
advance without any problems. The critical position for this sideline arises
after} Ne7 14. Bd3 Ng6 15. Bg3 e5 $5 $13 {1/2 Khalifman,A (2702)-Gurevich,M 
(2635)/Lanzarote 2003/CBM 094 ext/[Gurevich,M] (25)}) 10... e5 $6 {This gives
White extra possibilities.} ({Better is to insert} 10... h6 $142 11. Bh4 {
at first and just now} e5 {After} 12. a3 ({possible is also} 12. O-O {, Black
has then two choices:} Re8 $5 ({or} 12... exd4) 13. e4 $140 Nf4) 12... Bxc3 13.
bxc3 {it arises the position from our game.}) 11. a3 ({After} 11. O-O {Black
can transpose the game into the line above by} h6 (11... Re8 $143 $6 12. e4 $5
{[%csl Gf4]}) 12. Bh4) 11... Bxc3 12. bxc3 h6 {Black tries to correct his
inaccuracy on move 10.} ({After} 12... exd4 13. cxd4 Qxa3 {White can continue
either} 14. O-O $5 ({or} 14. e4 $44) 14... f5 (14... h6 15. e4 $1 {is the point
} (15. Bh4 $143 $6 Re8 $13 {leads to the main line})) 15. Qc2 h6 16. Bh4 N7b6
17. Ne5 $44 {1-0 Dorfman,J (2602)-Lamprecht,F (2399)/Germany 2001/CBM 087/
[Tsesarsky] (42)}) (12... Qxa3 13. e4 $44) 13. Bh4 $6 {White misses his chance.
Now the game is back in the main line.} (13. c4 $142 $5 Qxd2+ 14. Kxd2 $14)
13... Re8 ({Weaker is} 13... Qxa3 $143 $6 {because of} 14. Nxe5 Nxe5 15. dxe5
Re8 16. O-O $1 Qc5 (16... Rxe5 17. e4 Nb6 18. f4 $44 {[%cal Yf4f5]}) 17. Kh1
Be6 18. e4 Nb6 19. f4 Bc4 20. Rf3 $1 Bxd3 21. Rxd3 $14 {1-0 Shirov,A (2695)
-Piket,J (2625)/Amsterdam 1995/CBM 049/[Shirov] (36)}) ({But in this position
is well playable for Black} 13... exd4 14. cxd4 Qxa3 15. O-O (15. e4 $6 Nf4 $1)
15... Re8 {It is not easy for White to prove he has the sufficient
compensation, for example} 16. e4 (16. Bb1 Qb4 17. Qd3 Nf8 18. e4 Nf4 19. Qe3
N4g6 20. Bg3 $13) 16... Nf4 17. Bc2 (17. Bb1 Ng6 18. Bg3 $13 (18. d5 $2 cxd5
19. exd5 Nxh4 20. Nxh4 Nf6 21. d6 Rd8 22. Rfd1 Bg4 $1 23. f3 Be6 24. Nf5 Ne8 $1
25. Nxh6+ Kf8 $1 26. Nf5 Bxf5 27. Bxf5 Rxd6 $17 {1/2 Babula,V (2551)-Gurevich,
M (2641)/Saint Vincent 2002/CBM 086 ext (56)}) 18... Nf6 19. Ne5 Nxe5 20. Bxe5
Qe7 $13) 17... Ng6 18. Ra1 Qf8 19. Bg3 Nf6 20. Rfe1 Nh5 21. Ne5 Nxg3 22. Nxg6
fxg6 23. hxg3 $13 {1/2 Pelletier,Y (2531)-Fridman,D (2559)/Essen 2001/CBM 083/
[Tsesarsky] (45)}) 14. c4 Qxd2+ 15. Nxd2 Ne7 $1 {The right choice.} ({The
other retreats are worse:} 15... Nc7 $2 16. O-O Ne6 (16... exd4 17. exd4 Ne6
18. Rfe1 $1 $16) 17. Rfe1 $1 b6 18. Bf5 exd4 19. exd4 $16 {0-1 Beliavsky,A 
(2650)-Oll,L (2605)/Netherlands 1994/EXT 98 (44)}) (15... N5f6 $6 16. O-O exd4
17. exd4 c5 18. d5 Ne5 19. Bc2 g5 20. Bg3 $14 {1-0 Vaisser,A (2537)-Anic,D 
(2487)/Vichy 2000/CBM 079/[Tsesarsky] (61)}) 16. O-O ({There are no practical
examples about} 16. Bxe7 $5 Rxe7 17. d5) 16... exd4 17. exd4 Nf8 {Now Black's
minor pieces act harmoniously.} 18. Rfe1 Bf5 $1 $11 {This is the only way to
equality.} (18... Ne6 $2 19. Ne4 $5 $16 (19. Bxe7 Rxe7 20. d5 $16)) 19. Bf1 (
19. Rxe7 {gives also nothing} Bxd3 20. Rxb7 Ne6 $44 21. Nf3 Nf4 {1/2 Dorfman,J
(2617)-Fressinet,L (2619)/Val d'Isere 2002/CBM 091}) (19. Bxe7 Bxd3 $11) 19...
Neg6 20. Rxe8 {A novelty, but with no importance. The chances remain equal.} (
20. Bg3 Rxe1 21. Rxe1 Rd8 22. Nb3 b6 (22... Ne6 $11) 23. d5 cxd5 24. Nd4 Be6
25. Nc6 Rd7 26. Nb8 Rd8 27. Nc6 Rd7 28. Nb8 Rd8 {1/2 Beliavsky,A (2620)-Oll,L 
(2620)/Polanica Zdroj 1996/CBM 055/[Beliavsky]}) 20... Rxe8 21. Bg3 Rd8 22. Nb3
{Compared with the game above there is only one difference. White's rook is on
c1 instead of on e1 what doesn't play any role.} Ne6 23. Nc5 Nxc5 24. dxc5 Rd2
25. f3 Nf8 26. Bb8 a5 27. g4 Bg6 28. f4 f5 29. Rb1 Rd7 30. gxf5 Bxf5 31. Rb2
Rd1 32. Kf2 Ne6 33. Bd6 Rb1 34. Rxb1 1/2-1/2

[Event "Stepanakert-A"]
[Site "Stepanakert"]
[Date "2005.10.02"]
[Round "1"]
[White "Sokolov, Ivan"]
[Black "Dreev, Alexey"]
[Result "1/2-1/2"]
[WhiteElo "2696"]
[BlackElo "2694"]
[Annotator "Babula,V"]
[PlyCount "55"]
[EventDate "2005.10.02"]
[EventType "tourn"]
[EventRounds "9"]
[EventCountry "ARM"]
[EventCategory "17"]
[SourceTitle "CBM 110"]
[Source "ChessBase"]
[SourceDate "2006.01.31"]
[SourceVersion "1"]
[SourceVersionDate "2006.01.31"]
[SourceQuality "1"]

1. d4 d5 2. c4 c6 3. Nf3 Nf6 4. Nc3 e6 5. Bg5 Nbd7 6. e3 Qa5 7. Nd2 Bb4 8. Qc2
O-O 9. Be2 c5 {The principled continuation, nowadays very fashionable. Black
starts to attack White's centre.} (9... e5 {is more frequent option connected
with the same idea.}) 10. Nb3 Qa4 $5 {[%cal Ga4c2] Black limits White's
possibilities by pinning his both knights.} (10... Qc7 $143 11. O-O dxc4 12.
Bxc4 cxd4 13. Nb5 Qb8 14. N5xd4 Bd6 15. f4 h6 16. Bh4 $14 {1/2-1/2 Ivanchuk,
V-Kasparov,G/Frankfurt 1998/CBM 065 ext (33)}) 11. Bxf6 {White exchanges his
Bg5 in respect of the threat Nf6-e4.} Nxf6 12. dxc5 {The following
simplifications in the centre are almost forced.} dxc4 13. Bxc4 Qc6 14. O-O
Bxc5 15. Nxc5 Qxc5 16. Ne4 Nxe4 17. Qxe4 {The opening is over, the position
has stabilized. White has some edge due to his better development. But as the
pawn structure is symmetrical and Black has no weaknesses he should manage to
fully equalize.} Qb6 18. Bd3 {White is looking for some targets.} g6 19. Qe5
Bd7 20. h4 {[%cal Yh4h5,Yh5h6]} Rac8 $11 21. Rac1 {A novelty,} (21. Rad1 {
1/2-1/2 Poluljahov,A-Smagin,S/YUG-chT2 1995/EXT 2002 (21)}) 21... f6 22. Qg3
Qxb2 23. Rxc8 Bxc8 24. h5 Rd8 25. Bxg6 {White goes for the perpetual check,} ({
but neither} 25. Bb1 {gives any advantage:} f5 26. hxg6 hxg6 27. Qxg6+ Qg7 $11)
25... hxg6 26. Qxg6+ Kf8 27. Qh6+ {Black's monarch can't escape via the d-file
due to Rf1-d1 check.} Kg8 28. Qg6+ 1/2-1/2

[Event "EU-Cup 21st"]
[Site "Saint Vincent"]
[Date "2005.09.18"]
[Round "1.1"]
[White "Grischuk, Alexander"]
[Black "Godena, Michele"]
[Result "1-0"]
[WhiteElo "2720"]
[BlackElo "2522"]
[Annotator "Babula,V"]
[PlyCount "81"]
[EventDate "2005.09.18"]
[EventType "team-swiss"]
[EventRounds "7"]
[EventCountry "ITA"]
[SourceTitle "CBM 110"]
[Source "ChessBase"]
[SourceDate "2006.01.31"]
[SourceVersion "1"]
[SourceVersionDate "2006.01.31"]
[SourceQuality "1"]
[WhiteTeam "Paris NAO"]
[BlackTeam "Penne"]
[WhiteTeamCountry "FRA"]
[BlackTeamCountry "ITA"]

{[%mdl 36]} 1. d4 d5 2. c4 c6 3. Nc3 Nf6 4. Nf3 e6 5. Bg5 Nbd7 6. e3 Qa5 7.
cxd5 exd5 $6 {Godena's speciality.} ({Normal} 7... Nxd5 $142 {is surely better.
}) 8. Bd3 Ne4 9. O-O {White finishes his development by natural and at the
same time strong way.} Nxg5 ({Black's Qa5 has now nothing to do here,
accepting the pawn sacrifice is almost losing:} 9... Nxc3 $6 10. bxc3 Qxc3 11.
e4 $1 {[%cal Ge1e8]} dxe4 12. Re1 Nb6 13. Rxe4+ Be6 14. Rc1 Qa3 15. Rxe6+ $1
fxe6 16. Ne5 $16 {[%cal Yd1h5] 1-0 Kipper,J-Brethauer,S/Bad Zwesten 2004/CBM
098 ext (33)}) ({An attempt to keep the outpost e4 is premature and also bad:} 
9... f5 $2 10. Bxe4 $1 dxe4 (10... fxe4 $6 11. Nh4 {[%cal Yd1h5]} g6 12. f3 $18
) 11. Nh4 {[%cal Yd1h5]} g6 12. Qb3 Qb4 13. Qe6+ Be7 14. Nxg6 $1 $16 {1-0
Babula,V-Jirovsky,M/Czechia 2002/EXT 2004 (41)}) 10. Nxg5 Nf6 11. h3 $5 {
[%csl Rg4] White takes the g4 square under control and limits the scope of
Black's Bc8.} Bb4 ({Other option is} 11... Bd6 12. f4 $1 {[%csl Ge5][%cal
Yg5f3,Yf3e5]} Qc7 13. Qc2 h6 14. Nf3 Be6 15. Ne5 $14 {1-0 Salov,V-Raicevic,V/
Moscow 1986/MCL (25)}) 12. Qc2 h6 13. Nf3 O-O 14. a3 $5 {A novelty,} (14. Ne5
Be6 15. Na4 Rae8 16. a3 Bd6 17. f4 Ne4 $13 {0-1 Estremera Panos,S-Godena,M/
Taormina 2003/CBM 097 ext (47)}) 14... Bxc3 ({After} 14... Bd6 {White would
continue} 15. Ne5 $14 {[%cal Yf2f4]}) 15. bxc3 $14 {The queen swap would only
ease Black's defence task. White's advantage is that he has better minor
pieces.} c5 16. Qb2 {White frees the c2 square for his B in case of c5-c4.} Qc7
17. a4 {[%cal Ya4a5] The aim of this typical pawn advance is to make Black's
queenside pawn structure more vulnerable.} Be6 18. dxc5 $5 {An interesting
strategical approach, White significantly changes the pawn structure. He gets
the d4 square for his Nf3 and opens the d-file to attack the d5 weakness
easier. By the further advance of his a-pawn he wants to create the second
weakness and to combine attacks against them afterwards. The drawback is clear,
White's c3 weakness.} Nd7 19. Rfd1 Nxc5 20. Nd4 {White is not afraid of
exchange of his B for Black's N. His N would be better than Black's B. For
Black it would be advantageous to exchange bishops or knights.} Rac8 21. a5 Bd7
22. Bc2 Rfd8 23. Nf5 $1 {White forces Black to exchange his B for White's N.
Although White's N looks to be a better piece than Black's B, it is more
important, what pieces will remain on the board. After that exchange it will
be more difficult for Black to defend the d5 weakness.} Bxf5 (23... Be6 $6 24.
c4 {[%cal Yb2g7]}) 24. Bxf5 Ne6 25. Ra3 $14 Qe7 26. Bg4 {[%csl Rd5][%cal Yg4f3]
} Rc7 27. Ra4 {[%csl Rb7][%cal Ya4b4]} Qf6 $6 {It allows White to regroup his
pieces as he needs.} (27... Qc5 $142 28. Rd3 $5 $14) 28. Rb4 {The sufficient
defence of weaknesses is now for Black more difficult.} Nc5 $2 {It loses the
pawn by force,} ({better was} 28... Rdd7 $142 $14 {with the tough defence.})
29. Bf3 $16 Rcd7 $6 ({After} 29... Ne4 $142 {White can play for example} 30.
Rxb7 Rxb7 31. Qxb7 Nxc3 32. Rd3 a6 33. Bxd5 $16) 30. Rbd4 $18 {Black's
position is definitely lost.} Qe5 31. Qb5 b6 32. axb6 axb6 33. c4 $1 Ne6 34.
Rxd5 Rxd5 35. Rxd5 Rxd5 36. Bxd5 Qa1+ 37. Kh2 Qe5+ 38. g3 Qf5 39. Kg2 Nc5 40.
Qe8+ Kh7 41. Bxf7 1-0

[Event "EU-ch 17th"]
[Site "Gjakova"]
[Date "2016.05.17"]
[Round "6"]
[White "Wojtaszek, Radoslaw"]
[Black "Navara, David"]
[Result "1/2-1/2"]
[WhiteElo "2722"]
[BlackElo "2735"]
[Annotator "Baldauf,M"]
[PlyCount "47"]
[EventDate "2016.05.12"]
[EventType "swiss"]
[EventRounds "11"]
[EventCountry "KOS"]
[SourceTitle "CBM 173"]
[Source "ChessBase"]
[SourceDate "2016.07.12"]
[SourceVersion "1"]
[SourceVersionDate "2016.07.12"]
[SourceQuality "1"]

1. Nf3 d5 2. d4 Nf6 3. c4 c6 4. Nc3 e6 5. Bg5 Nbd7 6. e3 Qa5 7. Nd2 Bb4 8. Rc1
$5 Ne4 9. Ncxe4 dxe4 10. Bh4 Qxa2 11. Be2 Qxb2 $146 (11... Qa5 12. O-O Bxd2 13.
Ra1 Qb4 14. Qc2 c5 15. Ra4 Qb6 16. Qxd2 $14 {das Läuferpaar und die
eingeengten schwarzen Figuren garantierten Grischuk langfristige Kompensation
in: 0-1 (63) Grischuk,A (2810)-Mamedyarov,S (2759) Tbilisi 2015}) 12. Rc2 Bxd2+
13. Qxd2 Qa3 14. O-O O-O 15. c5 {Diagramm [#] Weiß hofft aufgrund der Dominanz
auf den schwarzen Feldern auf langfristige Kompensation, doch Navara gibt die
Mehrbauern zurück und gleicht problemlos aus.} b5 16. cxb6 axb6 17. Rxc6 Ba6
18. Bxa6 Qxa6 19. Qc2 Qd3 20. Qxd3 exd3 21. Rc3 Rfc8 22. Rxd3 Rc2 23. Rb3 h6
24. h3 1/2-1/2

[Event "Graz op"]
[Site "Graz"]
[Date "1996.??.??"]
[Round "?"]
[White "Beliavsky, Alexander G"]
[Black "Rabiega, Robert"]
[Result "1-0"]
[WhiteElo "2620"]
[BlackElo "2475"]
[Annotator "Beliavsky,A"]
[PlyCount "71"]
[EventDate "1996.06.??"]
[EventType "swiss"]
[EventRounds "9"]
[EventCountry "AUT"]
[SourceTitle "CBM 054"]
[Source "ChessBase"]
[SourceDate "1996.10.01"]
[SourceVersion "1"]
[SourceVersionDate "1996.10.01"]
[SourceQuality "1"]

1. d4 d5 2. c4 e6 3. Nc3 Nf6 4. Bg5 Nbd7 5. e3 c6 6. Nf3 Qa5 7. cxd5 Nxd5 8.
Qd2 Bb4 9. Rc1 h6 10. Bh4 c5 (10... b6 $5 11. Bd3 c5 12. O-O O-O 13. a3 Bxc3
14. bxc3 Bb7 15. Qb2 Rfc8 16. Nd2 cxd4 17. cxd4 Ba6 $1 $10) 11. a3 (11. Bd3
cxd4 12. exd4 b6 13. O-O O-O $13) 11... Bxc3 12. bxc3 b6 (12... Qxa3 $6 13. e4
N5f6 14. Bd3 Qa5 15. d5 $1 exd5 16. e5 Ne4 17. Bxe4 dxe4 18. Qd6 g5 19. Nxg5
$40) 13. Bd3 Bb7 (13... Ba6 $5 14. c4 Qxd2+ 15. Nxd2 N5f6 16. Ke2 $13) 14. O-O
N5f6 (14... cxd4 15. cxd4 Qxd2 16. Nxd2 $16) (14... Qxa3 $2 15. e4 N5f6 16. Ra1
Qb3 17. Rfb1 $18) 15. Qe2 O-O 16. Nd2 (16. e4 Rfc8 17. e5 Nd5 18. Qe4 Nf8 $13)
16... cxd4 17. cxd4 Rac8 (17... Qxa3 18. Rc7 Rab8 19. Nc4 Qe7 20. Bxf6 gxf6 21.
Qg4+ Kh8 22. Qh4 Kg7 23. Ne5 $40) 18. Nc4 Qa4 19. f3 $1 Ba6 $6 (19... Bd5 $5)
20. Bg3 Bxc4 21. Bxc4 Qxa3 22. Ra1 Qb4 23. Ba6 Rce8 24. Rfb1 Qe7 25. Be1 $1 $16
Nd5 26. e4 Nf4 27. Qb2 Rd8 $2 (27... f5 $1 28. Bb4 Qg5 29. Bxf8 Rxf8 $44) 28.
Bb4 Qg5 29. Bxf8 Nxf8 30. Bf1 e5 (30... Rd7 31. Rc1 $18) 31. d5 a5 32. g3 Rd6
33. Rc1 Nh5 34. Rc8 $18 Qe7 35. Rac1 g5 36. Qa3 1-0

[Event "Bugojno"]
[Site "Bugojno"]
[Date "1978.03.11"]
[Round "12"]
[White "Timman, Jan H"]
[Black "Ljubojevic, Ljubomir"]
[Result "1/2-1/2"]
[WhiteElo "2585"]
[BlackElo "2605"]
[Annotator "Bulletin"]
[PlyCount "36"]
[EventDate "1978.02.27"]
[EventType "tourn"]
[EventRounds "15"]
[EventCountry "YUG"]
[EventCategory "14"]
[SourceTitle "MCL"]
[Source "ChessBase"]
[SourceDate "1999.07.01"]
[SourceVersion "1"]
[SourceVersionDate "1999.07.01"]
[SourceQuality "1"]

1. d4 Nf6 2. c4 e6 3. Nc3 d5 4. Bg5 Nbd7 5. e3 c6 6. Nf3 Qa5 7. Nd2 dxc4 8.
Bxf6 Nxf6 9. Nxc4 Qc7 10. Be2 Be7 11. O-O O-O 12. a3 (12. Qc2 Rd8 13. Rac1 Bd7
14. Ne4 Be8 $10 {Prucha-Richter, TCH 1945}) 12... Rd8 13. b4 Bd7 14. Qc2 Be8
15. Rfc1 Rac8 16. Bf3 b6 17. g3 Nd5 18. Ne5 c5 $1 1/2-1/2

[Event "Tbilisi FIDE GP"]
[Site "Tbilisi"]
[Date "2015.02.22"]
[Round "7"]
[White "Grischuk, Alexander"]
[Black "Mamedyarov, Shakhriyar"]
[Result "0-1"]
[WhiteElo "2810"]
[BlackElo "2759"]
[Annotator "CB"]
[PlyCount "126"]
[EventDate "2015.02.15"]
[EventType "tourn"]
[EventRounds "11"]
[EventCountry "GEO"]
[EventCategory "20"]
[SourceTitle "CBM 165"]
[Source "ChessBase"]
[SourceDate "2015.03.11"]
[SourceVersion "1"]
[SourceVersionDate "2015.03.11"]
[SourceQuality "1"]

1. d4 d5 2. c4 e6 3. Nc3 Nf6 4. Nf3 c6 5. Bg5 Nbd7 6. e3 Bb4 7. Rc1 Qa5 8. Nd2
Ne4 9. Ncxe4 dxe4 10. Bh4 {Sacrificing the pawn on a2 is a common idea in the
Cambridge-Springs. The development advantage and central control gives White
plenty of compensation.} Qxa2 11. Be2 Qa5 12. O-O $1 {What a nice move! The
knight on d2 is hanging, but White will be able to recover it without problems
and keep his compensation.} Bxd2 13. Ra1 Qb4 14. Qc2 c5 (14... Bxe3 15. fxe3 {
opens up the f-file, which is very dangerous for Black.}) 15. Ra4 Qb6 16. Qxd2
{The minor piece is recovered and Black's development is sub-par. He is up a
pawn, but clearly on the defensive side.} e5 17. Ra5 $2 {Overlooking or
underestimating Black's next move!} Qh6 {An unusual tactic. The bishop is
hanging on h4, but also important is that the e-pawn is now pinned.} 18. Bg3
exd4 19. Bf4 (19. f3 {was probably the only way to fight for compensation, but
it should be insufficient.}) 19... g5 20. Bg3 d3 21. Bd1 {White is not dead,
for his two missing pawns he has the pair of bishops and Black's king will
always feel uncomfortable, but Black should win with good play. Mamedyarov
made his life pretty hard at different junctures, but the win was never in
question.} b6 22. Ra1 f5 23. Ba4 O-O 24. f3 Qe6 25. fxe4 fxe4 26. Bxd7 Rxf1+
27. Rxf1 Bxd7 28. Qc3 Qe7 29. b3 Re8 30. Qa1 a5 31. Be1 Rd8 32. Rf2 h6 33. Bd2
Rf8 34. Rxf8+ Qxf8 35. Qe5 Qe8 36. Qf6 Qe6 37. Qd8+ Kf7 38. Bc3 Qd6 39. Bd2 Qe6
40. Bc3 a4 41. bxa4 Bxa4 42. Qc7+ Ke8 43. Bd2 Bd7 44. h3 Ke7 45. Qb8 h5 46. Qh8
Qxc4 47. Qe5+ Qe6 48. Qxg5+ Kd6 49. Qxh5 b5 50. Qh8 b4 51. h4 Qa2 52. Qf6+ Kc7
53. Qf2 b3 54. Bc3 Qxf2+ 55. Kxf2 Kc6 56. Ke1 Kb5 57. h5 Ka4 58. Bb2 Kb4 59.
Kd2 c4 60. g3 Bg4 61. h6 Bf5 62. g4 Bg6 63. Bf6 Ka3 0-1

[Event "Candidates f Kasparov-Smyslov +4-0=9"]
[Site "Vilnius"]
[Date "1984.03.30"]
[Round "9"]
[White "Kasparov, Garry"]
[Black "Smyslov, Vassily V"]
[Result "1-0"]
[WhiteElo "2710"]
[BlackElo "2600"]
[Annotator "ChessBase"]
[PlyCount "88"]
[EventDate "1984.03.10"]
[EventType "match"]
[EventRounds "13"]
[EventCountry "URS"]
[SourceTitle "Candidates"]
[Source "ChessBase"]
[SourceDate "1999.07.01"]
[SourceVersion "2"]
[SourceVersionDate "1999.07.01"]
[SourceQuality "1"]

1. d4 d5 2. Nf3 Nf6 3. c4 c6 4. Nc3 e6 5. Bg5 Nbd7 6. e3 Qa5 7. cxd5 Nxd5 8.
Qd2 Bb4 9. Rc1 e5 $6 10. a3 $1 Bd6 (10... Bxc3 11. bxc3 e4 (11... Qxa3 12. e4
N5b6 13. Bd3 $146) 12. c4 $1) 11. dxe5 (11. Nxd5 Qxd2+ 12. Kxd2 cxd5 13. dxe5 (
13. Bb5 f6) 13... Nxe5 14. Nxe5 Bxe5 15. Bb5+ Bd7 16. Rc5 Bxb5 17. Rxb5 f6 $1
18. Bh4 (18. Rxd5 Bxb2) 18... O-O-O $10) 11... Nxe5 12. Nxe5 Bxe5 13. b4 Bxc3 (
13... Qxa3 $2 14. Nxd5 cxd5 15. Bb5+ Kf8 16. O-O Be6 17. f4 Bd6 18. f5 Bxb4 19.
Qf2 $18) 14. Qxc3 $1 (14. Rxc3 Qb6 (14... Nxb4 15. e4 (15. Rc5 $2 Nd3+ $1)
15... Na6 (15... Na2 $2 16. Rc2 Qxd2+ 17. Kxd2 Be6 18. Bc4 $18) (15... f6 16.
Bxf6 gxf6 17. axb4 Qxb4 18. Bc4 $36 Qb1+ $2 19. Rc1 Qxe4+ 20. Kd1 $1 $18) 16.
Bxa6 bxa6 17. Rxc6 (17. O-O h6 $1 (17... O-O $2 18. Bf6 $1) 18. Qd6 $2 hxg5 19.
Qxc6+ Ke7 20. Rc5 (20. e5 Rh6) 20... Qb6) 17... Qxd2+ 18. Kxd2 $16) 15. Rc1 h6
16. Bh4 Bf5 {+/=/+/-}) 14... Nxc3 15. bxa5 Ne4 16. Bf4 $16 {^^, [+], <-> b, ><
b7} O-O 17. f3 Nf6 18. e4 Re8 (18... Bd7 {/\ b6} 19. Kf2 b6 20. Ba6 $1 Bc8 (
20... c5 21. Bb7 Rad8 22. Bc7 Rde8 23. Bd6) 21. Be2 Bd7 (21... c5 22. Bc7 Nd7
23. Rhd1 {Zugzwang}) 22. Rhd1 b5 23. Bg5 $16) 19. Kf2 a6 20. Be2 (20. Rb1 Re7
21. Bd6 Rxe4 $1 {+/-/+/=}) 20... Be6 21. Rb1 Re7 22. Rhd1 Rae8 23. Rb2 $1 Bc8
24. Rbd2 Rd7 25. Rxd7 Nxd7 26. g4 $1 Nc5 $6 (26... h6 {>=}) 27. Be3 Nd7 (27...
Ne6 $6 28. f4 Rd8 29. f5 Rxd1 30. Bxd1 Nc7 31. a4 $1 Ne8 32. Bb3 Nf6 33. Kf3
Nd7 34. Kf4 Kf8 35. e5 $16) 28. g5 $1 Ne5 (28... Re5 $2 29. f4 $1 Rxe4 $2 30.
Bg4 Re7 31. Bc5 $18) 29. Bd4 $1 (29. Kg3 $2 Be6 {/\ 30....Nc4, 30.... Bc4})
29... Ng6 30. Kg3 Nf8 31. h4 Rd8 32. f4 Be6 33. Bc3 $1 (33. f5 Bb3 34. Rd2 c5
$1 35. Bc3 Rxd2 36. Bxd2 Nd7 37. Kf4 f6 $1) 33... Rxd1 34. Bxd1 Nd7 (34... g6
35. Bc2) 35. f5 Bc4 36. h5 $1 h6 (36... f6 37. h6 $18) 37. gxh6 {>< h6} gxh6
38. e5 Nc5 39. Kf4 Bd5 40. Bc2 f6 41. e6 Kg7 42. Bb4 (42. Bd4 Nb3 43. e7 Kf7
44. Bxf6) 42... Nb3 43. Ke3 c5 (43... Bc4 44. Bc3 Bd5 45. Be4 $1 Bc4 (45... Nc5
46. Bxd5 cxd5 47. Kd4 Ne4 48. Bb4 Ng3 49. Kxd5 Nxf5 50. Kc5 Ng3 51. Kb6 Nxh5
52. Kxb7 Nf4 53. Kxa6 Nxe6 54. Kb6) 46. Bf3 Nc1 (46... Bb5 47. Be2 $1) 47. e7
Bf7 48. Bd1 {Zugzwang}) 44. Bc3 Kf8 {Abgabezug} (44... Nc1 45. Ba4 $18) (44...
c4 45. Be4 Bc6 46. Bxc6 bxc6 47. Ke4 $18) (44... Kf8 45. Bxb3 (45. Be4 Bxe4 46.
Kxe4 Ke7 47. Kd5 $18) 45... Bxb3 46. Bxf6 $18) 1-0